000 00905nam a2200229Ia 4500
001 10195
003 GE_BSU
008 181216s||||||||xx |||||||||||||| ||und||
040 _cGE_BSU
080 _a821.353.1–1+821.353.1-1
100 _aტაბიძე,გალაქტიონ
245 _aთხზულებანი თორმეტ ტომად. ტ.3
245 _bლექსები: [1928-1931]
245 _cსარედ.კოლ.გ.გვერდწითელი და სხვა.გამოსაც.მოამზადა ც.კალაძემ და ცისანა ყიფშიძემ
260 _aთბილისი
260 _bსაბჭოთა საქართველო
260 _c1966
300 _a646გვ.21სმ.
653 _aთხზულებანი
653 _aლექსები
942 _cBK
999 _c43464
_d43464